BTS ON - Lyrics - Statistics

General Stats
  • This quiz has been taken 3 times
  • The average score is 234 of 258
Answer Stats
Lyrics % Correct
a
100%
and
100%
are
100%
at
100%
bring
100%
Bring
100%
can't
100%
Can't
100%
'Cause
100%
'cause
100%
don't
100%
down
100%
Everyday,
100%
fallin'
100%
feet,
100%
fighter
100%
flow
100%
give
100%
Hey,
100%
I
100%
I'm
100%
keep
100%
know,
100%
know
100%
Look
100%
look
100%
matter
100%
me
100%
my
100%
My
100%
na-na-na
100%
New York
100%
No
100%
no
100%
oh,
100%
Oh,
100%
ohh
100%
oh-na-na-na
100%
on
100%
on*
100%
pain,
100%
pain
100%
Paris
100%
people
100%
sayin'
100%
shadow
100%
sky
100%
the
100%
understand
100%
what
100%
Win
100%
(Yeah)
100%
yeah
100%
you
100%
You
100%
*All
67%
(Ayy-oh)
67%
be
67%
blood
67%
everythin',
67%
fear,
67%
fears,
67%
Find
67%
goin'
67%
gonna
67%
Got
67%
hold
67%
is
67%
just
67%
'old
67%
or
67%
over
67%
pourin',
67%
Rain
67%
scream
67%
should
67%
singin',
67%
takin'
67%
tears
67%
uh
67%
with
67%
ya
67%
bleed
33%
breathe
33%
live
33%
that
33%
No matching quizzes found
Score Distribution
Percent of People with Each Score
Percentile by Number Answered
Your Score History
You have not taken this quiz